| 000 | 00558cam a2200145 a 4500 | ||
|---|---|---|---|
| 020 | _a087602035X | ||
| 050 | 0 | 0 |
_aPS 3515.A7 _bA6 1996 |
| 100 | 1 | _aHarris, Aurand. | |
| 245 | 1 | 4 |
_aThe theatre of Aurand Harris : _bAmerica's most produced playwright for young audiences, his career, his theories, his plays : including fifteen complete plays by Aurand Harris / _cby Lowell Swortzell. |
| 260 |
_aNew Orleans, La. : _bAnchorage Press, _c[c1996] |
||
| 300 | _aviii, 843 p. : | ||
| 650 | 0 | _xHistory and criticism. | |
| 700 | 1 | _aSwortzell, Lowell. | |
| 942 |
_2lcc _cGEN |
||
| 999 |
_c13528 _d13528 |
||